Teorie pieniadza
Uložené v:
| Hlavný autor: | |
|---|---|
| Médium: | Kniha |
| Jazyk: | Polish |
| Vydavateľské údaje: |
Warszawa
Poltext
1999
|
| Edícia: | Szkola Glówna Handlowa
Studia Finansowo-Bankowe |
| Predmet: | |
| Tagy: |
Žiadne tagy, Buďte prvý, kto otaguje tento záznam!
|
MARC
| LEADER | 00000nam a2200000 4500 | ||
|---|---|---|---|
| 001 | c123783 | ||
| 005 | 20221221083749.2 | ||
| 020 | |a 83-85366-18-0 | ||
| 041 | 0 | |a pol | |
| 044 | |a PL | ||
| 245 | 1 | 0 | |a Teorie pieniadza |c Zdzislaw Fedorowicz |
| 264 | 1 | |a Warszawa |b Poltext |c 1999 | |
| 300 | |a 101 s. | ||
| 490 | 1 | |a Szkola Glówna Handlowa |v Studia Finansowo-Bankowe | |
| 830 | 0 | |a Szkola Glówna Handlowa |v Studia Finansowo-Bankowe | |
| 610 | 2 | 0 | |a teória peňažná |
| 610 | 2 | 0 | |a peniaze |
| 610 | 2 | 0 | |a politika peňažná |
| 610 | 2 | 0 | |a keynesizmus |
| 610 | 2 | 0 | |a neoklasicizmus |
| 610 | 2 | 0 | |a monetarizmus |
| 100 | 1 | |a Fedorowicz, Zdzislaw | |